000 00822nam a2200277Ia 4500
001 Para_6798
003 CHAP
008 220125s1951 xx 000 0 und d
010 _a205594
040 _cCHAP
090 _aPA FOLLETO 732
100 _aRupert, J. A.
_9100909
245 _aResistencia al chauixtle como factor en el mejoramiento del trigo en México /
_c por J.A. Rupert
260 _aMéxico :
_b SAG. Fundación Rockefeller
300 _a42 p.
440 _aFolleto técnico; 7
_9171652
650 _aTrigo
_x mejoramiento
_9115057
650 _aTrigo
_x variedades resistentes a enfermedades
_9115120
901 _aPA FOLLETO 732
902 _aA
905 _a0000001951 0000000000 00
910 _a1951
942 _cPARA
942 _cPARA
_d1
999 _c205594
_d205594